|
|
|
|
| LEADER |
00000ckm a2200000 a 4500 |
| 001 |
vtls010265900 |
| 003 |
SK-MaSNL |
| 005 |
20260426005407.0 |
| 007 |
kf co |
| 008 |
231206s1908 gw g kuhun |
| 015 |
|
|
|a SNBG
|
| 035 |
|
|
|a 801DD3AC-EB53-4A45-929E-2F21D424FBE5
|
| 035 |
|
|
|a urn:nbn:sk:snk-kmxvoi
|
| 035 |
|
|
|a urn:nbn:sk:snk-km004x0s
|
| 040 |
|
|
|a SNK
|b slo
|c SNK
|e AACR2
|
| 041 |
0 |
|
|a hun
|a ger
|
| 043 |
|
|
|a e-xo---
|
| 044 |
|
|
|a gw
|c DE
|
| 080 |
|
|
|a 908(437.6)
|2 2001
|
| 080 |
|
|
|a 551.332.56(437.6)
|2 2001
|
| 080 |
|
|
|a (089.7)
|2 2001
|
| 245 |
0 |
0 |
|a A magas Tátra
|h grafika
|b Zöld ó és völgy - 1577 m
|
| 246 |
1 |
1 |
|a Die hohe Tatra
|b Grüner See und Tal
|
| 260 |
|
|
|a Leipzig
|b Dr. Trenkler Co.
|c 1908
|
| 300 |
|
|
|a 1 pohľadnica
|b kolorovaná
|c 9 x14 cm
|
| 650 |
0 |
7 |
|a horské plesá
|2 SNKPH
|9 171908
|
| 651 |
|
7 |
|a Vysoké Tatry (Poľsko a Slovensko : pohorie)
|2 SNKPHgeo
|9 67729
|
| 651 |
|
7 |
|a Slovensko
|2 SNKPH
|9 14231
|
| 651 |
|
7 |
|a Krivánske Zelené pleso (Vysoké Tatry, Slovensko)
|2 SNKPH
|9 55702
|
| 655 |
|
7 |
|a geografické pohľadnice
|2 SNKPH
|9 70522
|
| 752 |
|
|
|a Nemecko $d Lipsko
|
| 852 |
|
|
|a Slovenská národná knižnica
|
| 958 |
|
|
|a GC
|
| 958 |
|
|
|a GBN
|
| 958 |
|
|
|a ONDV
|
| 999 |
|
|
|c 1007013
|d 1008943
|
| 952 |
|
|
|a SNK
|b SNK
|y PREZ
|7 0
|p 17A0693502
|o snkSP 463
|i snk463/84
|0 0
|1 0
|4 0
|d 2011-03-23
|f 1
|l 0
|r 2026-02-24 12:39:37
|w 2026-02-24
|